BOHATEROWIE SERIALU „ŚWIAT WEDŁUG KIEPSKICH”: - Statystyki

Ogólne statystyki
  • Ten quiz został rozwiązany 550 razy
    339 od ostatniego zresetowania
  • Średni wynik to 6 z 9
Statystyki odpowiedzi
Odpowiedź % Poprawnych
FERDEK
99%
BOCZEK
93%
PAŹDZIOCH
91%
HALINKA
85%
WALDEK
79%
MARIOLKA
71%
BABKA KIEPSKA
36%
JOLANTA | PUPCIA
29%
EDZIO LISTONOSZ
27%
Nie znaleziono quizów pasujących do podanych kryteriów
Rozkład punktacji
Procent ludzi z każdym wynikiem
Percentyl według liczby udzielonych odpowiedzi
Twoja historia wyników
Nie rozwiązałeś tego quizu od ostatniego zresetowania